Rutinas para implementar un basic a tiempo real de tarea única

保存先:
書誌詳細
第一著者: Stradi Granados, Julio
フォーマット: 図書
出版事項: [San José , Costa Rica] 1986
タグ: タグ追加
タグなし, このレコードへの初めてのタグを付けませんか!

MARC

LEADER 00000nam a2200000Ia 4500
003 003080
005 20221231144355.0
008 140114s1986 cr a m 000 ||s d
040 |c cru CEDI 
090 |a TFG 1800 
100 |a Stradi Granados, Julio  |9 8731 
245 |a Rutinas para implementar un basic a tiempo real de tarea única 
260 |c 1986  |a [San José , Costa Rica] 
300 |a 109 hojas :ilustraciones  
500 |a Proyecto de graduación (bachiller en ingeniería eléctrica)--Universidad de Costa Rica. Facultad de Ingeniería. Escuela de Ingeniería Eléctrica. 
942 |c TFG 
999 |c 20923  |d 20923